[Event "Landesliga U20 Sued 1718"]
[White "Keil, Konstantin"]
[Black "Maillinger, Michael"]
[Site "Bayern"]
[Round "1.2"]
[Result "0-1"]
[Date "2017.11.18"]
[WhiteElo "1500"]
[BlackElo "1582"]
[PlyCount "82"]
[EventDate "2017.11.18"]
[EventType "team-tourn"]
[EventRounds "7"]
[EventCountry "GER"]
[SourceTitle "EXT 2022"]
[Source "ChessBase"]
[SourceDate "2021.10.06"]
[SourceVersion "1"]
[SourceVersionDate "2021.10.06"]
[SourceQuality "1"]
[WhiteTeam "Regensburg TS U20"]
[BlackTeam "Dorfen PSV U20"]
[WhiteTeamCountry "GER"]
[BlackTeamCountry "GER"]

1. e4 c5 2. g3 Nc6 3. Bg2 d6 4. d3 g6 5. f4 Bg7 6. c3 e5 7. Ne2 Nge7 8. 0-0 f5 9. Be3 0-0 10. Nd2 Qc7 11. Nf3 fxe4 12. dxe4 Be6 13. Ng5 Qd7 14. Qc2 h6 15. Nxe6 Qxe6 16. a3 Kh8 17. Rad1 Rac8 18. h4 Ng8 19. Bc1 h5 20. Kh1 Nh6 21. Ng1 Rcd8 22. f5 gxf5 23. Bxh6 Qxh6 24. exf5 Ne7 25. Bxb7 Qh7 26. Kh2 d5 27. Qf2 Qxf5 28. Qxf5 Rxf5 29. Rxf5 Nxf5 30. Rxd5 Rxd5 31. Bxd5 Ne3 32. Bf7 Nd1 33. Bxh5 Nxb2 34. Be2 c4 35. g4 e4 36. Bf1 Bxc3 37. Ne2 Be5+ 38. Kg1 Nd3 39. Bg2 e3 40. Be4 Nf2 41. g5 Nxe4 0-1